| 000 | 00706pam a2200241 i 4500 | ||
|---|---|---|---|
| 005 | 20140211104453.0 | ||
| 008 | 140211b xxu||||| |||| 00| 0 eng d | ||
| 020 | _a0914894153 | ||
| 020 | _a0273014749 | ||
| 041 | 0 | _aeng | |
| 080 | _a004.2 | ||
| 100 | 1 | _aBaer, Jean-Loup | |
| 245 | 1 | 0 |
_aComputer systems architecture / _cJean-Loup Baer. |
| 260 |
_aLondon : _bPitman pulishing _c1980. |
||
| 300 |
_axiii, 626 f. : _bme il. ; _c24 cm. |
||
| 440 | 0 | _aDigital system design series | |
| 500 | _aParathënie : f. VII-IX | ||
| 504 | _aIncludes bibliographies and index : f. 612-626 | ||
| 650 | 0 | _aComputer architecture. | |
| 650 | 0 | _2Kompjuterat | |
| 650 | 0 | _2Arkitektura e kompjuterëve | |
| 942 |
_2udc _cBK |
||
| 999 |
_c30 _d30 |
||